[Event "Lippe Cup 03rd"]
[Site "Lieme"]
[Date "2006.10.08"]
[Round "5"]
[White "Bykovskij, Sergej"]
[Black "Sabranski, Heinz"]
[Result "1/2-1/2"]
[WhiteElo "1924"]
[BlackElo "1806"]
[PlyCount "88"]
[EventDate "2006.10.06"]
[EventType "swiss"]
[EventRounds "5"]
[EventCountry "GER"]
[SourceTitle "EXT 2012"]
[Source "ChessBase"]
[SourceDate "2011.11.24"]
[SourceVersion "1"]
[SourceVersionDate "2011.11.24"]
[SourceQuality "1"]

1. d4 c5 2. e3 e6 3. Nf3 Nf6 4. b3 Nc6 5. Bb2 d5 6. c4 Ne4 7. Nbd2 Qa5 8. a3 cxd4 9. b4 Bxb4 10. axb4 Qxb4 11. Bxd4 Nxd4 12. Nxd4 0-0 13. Bd3 Nc5 14. Be2 e5 15. Nc2 Qc3 16. Ra3 Qb2 17. Qb1 Qxb1+ 18. Nxb1 Bf5 19. Ra2 d4 20. Nca3 d3 21. Bd1 a6 22. Rb2 Rfd8 23. Nd2 Rd7 24. f3 Rad8 25. Nab1 Be6 26. Nc3 f5 27. e4 Rd4 28. Rb4 g6 29. Kf2 Rf8 30. Ke3 f4+ 31. Kf2 Rc8 32. Nd5 Bxd5 33. exd5 b5 34. Re1 bxc4 35. Rxc4 Rxc4 36. Nxc4 d2 37. Rf1 Nd3+ 38. Ke2 Nc1+ 39. Kxd2 Rxc4 40. Bc2 Na2 41. Rb1 Nb4 42. Be4 Kf8 43. g3 fxg3 44. hxg3 Ke7 1/2-1/2

[Event "Lippe Cup 03rd"]
[Site "Lieme"]
[Date "2006.10.07"]
[Round "2"]
[White "Sabranski, Heinz"]
[Black "Emde, Rainer"]
[Result "0-1"]
[WhiteElo "1806"]
[BlackElo "2053"]
[PlyCount "84"]
[EventDate "2006.10.06"]
[EventType "swiss"]
[EventRounds "5"]
[EventCountry "GER"]
[SourceTitle "EXT 2012"]
[Source "ChessBase"]
[SourceDate "2011.11.24"]
[SourceVersion "1"]
[SourceVersionDate "2011.11.24"]
[SourceQuality "1"]

1. Nc3 d5 2. e4 dxe4 3. Nxe4 Bf5 4. Ng3 Bg6 5. h4 h6 6. d4 e6 7. Nf3 Nf6 8. Ne5 Bh7 9. c3 Nbd7 10. f4 Be7 11. Qf3 Nd5 12. h5 0-0 13. Nxd7 Qxd7 14. Be2 c5 15. dxc5 Bxc5 16. Ne4 Bb6 17. Rh3 Rfd8 18. Rg3 Qc7 19. c4 Nb4 20. Nf6+ Kh8 21. Qg4 Rg8 22. Nxg8 Rxg8 23. Rc3 Nc2+ 24. Rxc2 Bxc2 25. Bd2 Rd8 26. Bc3 Bd4 27. Qf3 e5 28. Rc1 e4 29. Qh3 Bd3 30. Bxd4 Rxd4 31. Qe3 Rxc4 32. Rxc4 Qxc4 33. Bxd3 exd3 34. b3 Qd5 35. g4 Kh7 36. Kd2 Qg2+ 37. Kxd3 Qxg4 38. Qe5 Qe6 39. Ke4 Qxe5+ 40. Kxe5 g6 41. Kf6 gxh5 42. f5 Kg8 0-1

[Event "Lippe Cup 03rd"]
[Site "Lieme"]
[Date "2006.10.07"]
[Round "3"]
[White "Schuelke, Tilman"]
[Black "Sabranski, Heinz"]
[Result "1-0"]
[WhiteElo "1989"]
[BlackElo "1806"]
[PlyCount "81"]
[EventDate "2006.10.06"]
[EventType "swiss"]
[EventRounds "5"]
[EventCountry "GER"]
[SourceTitle "EXT 2012"]
[Source "ChessBase"]
[SourceDate "2011.11.24"]
[SourceVersion "1"]
[SourceVersionDate "2011.11.24"]
[SourceQuality "1"]

1. g3 e5 2. Bg2 Bc5 3. c3 Nf6 4. d4 exd4 5. cxd4 Bb6 6. Nc3 d5 7. Na4 Ba5+ 8. Bd2 c6 9. Bxa5 Qxa5+ 10. Nc3 0-0 11. Nf3 Ne4 12. Qc1 Nd7 13. 0-0 Nxc3 14. bxc3 Nb6 15. Nd2 Re8 16. e4 dxe4 17. Nxe4 Nc4 18. Nc5 Qc7 19. Re1 Rf8 20. Qg5 f6 21. Qh5 g6 22. Qe2 Qf7 23. Qe7 Nb6 24. Qxf7+ Kxf7 25. Ne4 Rd8 26. a4 Rb8 27. Bf1 Be6 28. a5 Nc8 29. Nc5 Bf5 30. Bc4+ Kg7 31. Be6 Rd6 32. Bxf5 gxf5 33. a6 b6 34. Nb7 Rd7 35. Re8 Kf7 36. Rae1 c5 37. dxc5 bxc5 38. Rh8 Kg7 39. Ree8 Rc7 40. Kg2 Rc6 41. Nd8 1-0